Generácia Z a jej spotrebiteľské odlišnosti v Čechách a na Slovensku diplomová práca

Salvato in:
Dettagli Bibliografici
Autore principale: Birdáčová, Dominika
Ente Autore: Obchodná fakulta EU. Katedra marketingu
Altri autori: Mravec, Martin, 1972-
Natura: Libro
Lingua:slovacco
Pubblicazione: Bratislava 2023
Tags: Aggiungi Tag
Nessun Tag, puoi essere il primo ad aggiungerne!!

MARC

LEADER 00000nbm a2200000 4500
001 0293832
005 20240108094158.6
041 0 |a slo 
044 |a SK 
245 1 0 |a Generácia Z a jej spotrebiteľské odlišnosti v Čechách a na Slovensku  |b diplomová práca  |c Dominika Birdáčová ; školiteľ: Martin Mravec 
264 1 |a Bratislava  |c 2023 
300 |a 81 s. 
100 1 |a Birdáčová, Dominika 
700 1 |a Mravec, Martin, 1972- 
710 2 |a Obchodná fakulta EU. Katedra marketingu